00301 a2200133 450000100060000002000150000604000260002110000220004724000280006924500230009730000070012036200090012765000310013649743 a8576350971 cAnchieta - Bela Vista aLeemans, Philippe10aA porta misteriosalpor10aA porta misteriosa a470 a2005 4aLiteratura infanto-juvenil